000 00506nam a2200181Ia 4500
003 GCL
008 140319s9999 xx 000 0 ara d
040 _aGCL /
_cGCL
082 0 4 _a070.49
_bم ص
100 1 _aمحمود ادهم
245 1 0 _aالصورة الاخبارية /
_cمحمود ادهم
300 _a334 ص
490 _aدراسات فى الصحافة المصورة
_v0
650 0 4 _aالصحافة
650 0 4 _aالصور
650 0 4 _aالتصوير الصحفى
942 _2ddc
_cBK
999 _c48345
_d48345